| 000 | 00399cam a2200169ua 4500 | ||
|---|---|---|---|
| 020 | _c6.30 | ||
| 041 |
_aeng _h |
||
| 082 |
_a823.308 _bBLE/BE |
||
| 100 | _aBlegvad, Erik . | ||
| 245 |
_aBed knob and broomstick / _cErik Blegvad. _hTextual Documents |
||
| 260 |
_a : _bPennant books , _c1962. |
||
| 300 | _a192 ; . | ||
| 365 | _a6.30 | ||
| 504 | _a | ||
| 942 | _cBK | ||
| 999 |
_c12667 _d12667 |
||